Reflexiones filosóficas

Gorde:
Xehetasun bibliografikoak
Egile nagusia: Edgar Roy Ramirez
Formatua: Liburua
Hizkuntza:Undetermined
Argitaratua: San José, Costa Rica Librería la Mini 1992
Gaiak:
Etiketak: Etiketa erantsi
Etiketarik gabe, Izan zaitez lehena erregistro honi etiketa jartzen!

MARC

LEADER 00000nam a2200000Ia 4500
008 170316s9999 xx 000 0 und d
090 |a 100 R-11.1r 
100 |a Edgar Roy Ramirez 
245 |a Reflexiones filosóficas 
260 |a San José, Costa Rica 
260 |b Librería la Mini 
260 |c 1992 
300 |a 338 páginas 
650 |a FILOSOFÍA 
999 |c 17397  |d 17397 
040 |a cru BVZT 
942 |c 15 D  |h 100 R-11.1r  |2 z